LEADER 01260nam0-22003251i-450 001 990007383640403321 005 20220929105631.0 010 $a3-428-09993-1 035 $a000738364 035 $aFED01000738364 035 $a(Aleph)000738364FED01 100 $a20030114d2000----km-y0itay50------ba 101 0 $ager 102 $aDE 105 $ay---m---001yy 200 1 $aÖffentliche Unternehmen im Spannungsfeld zwischen Demokratie- und Wirtschaftlichkeitsprinzip$eeine Studie zur verfassungsrechtlichen Legitimation der wirtschaftlichen Betätigung der öffentlichen Hand$fvon Hubertus Gersdorf 210 $aBerlin$cDuncker und Humblot$dc2000 215 $a557 p.$d24 cm 225 1 $aSchriften zum öffentlichen Recht$x0582-0200$v821 320 $aBibliografia: p. 518-549. Indice 328 $aHamburg, Univ., Habil.-Schr., 1998 676 $a338.437$v21$zita 700 1$aGersdorf,$bHubertus$0266846 801 0$aIT$bUNINA$gRICA$2UNIMARC 901 $aBK 912 $a990007383640403321 951 $aCOLLEZIONE 147 (821)$b41512*$eBiblioteca Centrale della Facoltà di Giurisprudenza$fFGBC 959 $aFGBC 996 $aÖffentliche Unternehmen im Spannungsfeld zwischen Demokratie- und Wirtschaftlichkeitsprinzip$9692672 997 $aUNINA LEADER 01941oam 2200445 a 450 001 9910701211003321 005 20111220150801.0 035 $a(CKB)5470000002416952 035 $a(OCoLC)752226707 035 $a(EXLCZ)995470000002416952 100 $a20110913d2011 ua 0 101 0 $aeng 135 $aurmn||||a|||| 181 $ctxt$2rdacontent 182 $cc$2rdamedia 183 $acr$2rdacarrier 200 10$aHomeland security$b[electronic resource] $eactions needed to improve response to potential terrorist attacks and natural disasters affecting food and agriculture : report to the Chairman, Subcommittee on Oversight of Government Management, the Federal Workforce, and the District of Columbia, Committee on Homeland Security and Governmental Affairs, U.S. Senate 210 1$a[Washington, D.C.] :$cU.S. Govt. Accountability Office,$d[2011] 215 $a1 online resource (iii, 75 pages) $ccolor illustrations 300 $aTitle from title screen (viewed on Sept. 13, 2011). 300 $a"August 2011." 320 $aIncludes bibliographical references. 320 $a"GAO-11-652." 517 $aHomeland security 606 $aTerrorism$zUnited States$xPrevention 606 $aFood supply$xSecurity measures$zUnited States 606 $aAgriculture$xSecurity measures$zUnited States 606 $aInteragency coordination$zUnited States$xEvaluation 615 0$aTerrorism$xPrevention. 615 0$aFood supply$xSecurity measures 615 0$aAgriculture$xSecurity measures 615 0$aInteragency coordination$xEvaluation. 712 02$aUnited States.$bCongress.$bSenate.$bCommittee on Governmental Affairs.$bSubcommittee on Oversight of Government Management, the Federal Workforce, and the District of Columbia. 801 0$bDID 801 1$bDID 801 2$bGPO 906 $aBOOK 912 $a9910701211003321 996 $aHomeland Security$91686681 997 $aUNINA